| 000 | 00720nam a22001817a 4500 | ||
|---|---|---|---|
| 003 | BD-DhUL | ||
| 005 | 20160906180616.0 | ||
| 008 | 160906b1997 i ||||| |||| 00| 0 ben d | ||
| 040 | _cBD-DhUL | ||
| 082 |
_a954.14 _bKHT |
||
| 100 | _aখান, ইউসুফ আলী | ||
| 245 |
_aতারিখ-ই-বঙগালা-ই মহাবত জঙী / _cইউসুফ আলী খান, আবুল কালাম মোহাম্মদ যাকারিয়া |
||
| 260 |
_aঢাকা : _bবাংলা একাডেমী , _c১৯৯৭ |
||
| 300 |
_a২০৭ পৃ. : _c২১ সে.মি. |
||
| 650 | 0 | _aভারত-ইতিহাস | |
| 650 | 0 | _aIndia-history | |
| 942 |
_2ddc _cBK |
||
| 999 |
_c104499 _d104499 |
||